| 000 | 00759nam a22001937a 4500 | ||
|---|---|---|---|
| 999 |
_c177855 _d177855 |
||
| 005 | 20210308155234.0 | ||
| 010 | _aUR-11052 | ||
| 020 |
_c151.00 _a9789388736909 |
||
| 035 | _aU-9607 | ||
| 037 | _bDBAD/PUB | ||
| 082 | _a841.8 | ||
| 100 | _aمو لف:سيد عبید اللہ ہا شمی | ||
| 245 |
_aفا ر سی نا مہ(تز کر ہ منتخب شعر ا ۓ فا ر سی) _cمو لف:سيد عبید اللہ ہا شمی |
||
| 246 |
_bFarsinama(Description of Selected Persian Poets) (Urdu) _aby S.Obaidullah Hashmi |
||
| 260 |
_aDelhi _c2019 ء _bEducational Publishing House |
||
| 270 |
_aB.O. 3191,Vakil Street, Kucha Pandit,Lal Kuan, _bDelhi _e110006 _l- |
||
| 300 |
_a252 ص _c22 Cm(Hb) |
||
| 942 |
_2ddc _cUR _h841.8 _mہ ا ش |
||